00818nam a22002057a 4500003000500000005001700005008004100022010001100063011001100074035001100085040000900096100003300105245012500138260004000263500006000303502011800363650003400481650003300515856006400548CHAP20220329143726.0110419s2010 mx r 00010 spa d a100983 a101955 a112643 cCHAP1 aRivera Meía, Luis Gonzalo.10aApreciación del seguro agropecuario a partir del ejercicio profecionalh[En línea]c/por Luis Gonzalo Rivera Mejía aChapingo, Méx. :bEl autor,c2010 aPara ver el contenido del material haga clic en la liga aTesis (Ing. Agr. Esp. en Zootecnia) -- UACH. Departamento de Enseñanza, Investigación y Servicio en Zootecnia14aSeguros agrícolaxMéxico.14aSegurosxHistoriaxMéxico. 3Finding aiduhttp://10.13.5.2/tesis/112643.pdfzTeclea aqui